000
00298nam a22001097a 4500
008
170112b xxu||||| |||| 00| 0 eng d
020
_a
9781437708257
041
_a
eng
080
_2
5TH
_a
618.2
245
_a
SAUNDERS COMPREHENSIVE REVIEW FOR THE NCLEX-RN EXAMINATION
_c
SILVESTRI, L.A
942
_2
udc
_c
BK
999
_c
2762
_d
2762